| 000 | 00852nas a2200301 4500 | ||
|---|---|---|---|
| 001 | BR2010000063 | ||
| 003 | BR-BrBNA | ||
| 005 | 20231205114023.0 | ||
| 007 | ta | ||
| 008 | 230509b bl.|||p| |||| 00| 00por d | ||
| 040 |
_aBR-BrBNA _bpor _cBiblioteca Nacional de Agricultura |
||
| 041 | _a(Pt) | ||
| 072 | _aJ11 | ||
| 100 | 1 | _aBrackmann, A. | |
| 100 | 1 | _aWeber, A. | |
| 100 | 1 | _aGiehl, R.F.H. | |
| 100 | 1 | _aEisermann, A.C. | |
| 245 | 1 | _aPré-resfriamento sobre a qualidade de pêssegos Chiripá | |
| 650 | _aPÊSSEGO | ||
| 650 | _aRESFRIAMENTO | ||
| 650 | _aQUALIDADE | ||
| 650 | _aDISTÚRBIO FISIOLÓGICO | ||
| 650 | _aARMAZENAMENTO | ||
| 650 | _aETILENO | ||
| 773 | 0 |
_tCiência Rural (Brazil) _xISSN 0103-8478 _g(Nov 2009), v. 39(8) p. 2354-2360 _wBR2010000063 |
|
| 909 |
_a202311 _bLúcia _c55 _dLúcia Elande |
||
| 942 |
_2AGRIS _n0 _cANA |
||
| 999 |
_c206750 _d206750 |
||